[Event "Bay Area int."]
[Site "Santa Clara USA"]
[Date "2014.01.02"]
[Round "1.1"]
[White "Breckenridge, Steven"]
[Black "Kovalyov, Anton"]
[Result "0-1"]
[WhiteElo "2342"]
[BlackElo "2617"]
[PlyCount "38"]
[EventDate "2014.01.02"]
[EventType "swiss"]
[EventRounds "9"]
[EventCountry "USA"]
[Source "Mark Crowther"]
[SourceDate "2014.01.06"]

1. e4 c5 2. Nf3 d6 3. c3 Nf6 4. Bc4 e6 5. Qe2 Be7 6. e5 Nd5 7. d4 cxd4 8. cxd4
Nc6 9. O-O Nb6 10. Bb5 g6 11. Bxc6+ bxc6 12. Bd2 Nd5 13. Re1 Qb6 14. Na3 Bd7
15. Nc4 Qc7 16. Ba5 Qb8 17. exd6 Bxd6 18. Nfe5 Bxe5 19. Nxe5 Qd6 0-1

[Event "Bay Area int."]
[Site "Santa Clara USA"]
[Date "2014.01.03"]
[Round "3.4"]
[White "Kovalyov, Anton"]
[Black "Ruiz Castillo, Joshua Daniel"]
[Result "1-0"]
[WhiteElo "2617"]
[BlackElo "2374"]
[PlyCount "60"]
[EventDate "2014.01.02"]
[EventType "swiss"]
[EventRounds "9"]
[EventCountry "USA"]
[Source "Mark Crowther"]
[SourceDate "2014.01.06"]

1. Nf3 c5 2. c4 Nc6 3. Nc3 g6 4. e3 Nf6 5. d4 cxd4 6. exd4 d5 7. cxd5 Nxd5 8.
Bc4 Nxc3 9. Qb3 Nd5 10. Bxd5 e6 11. Bxc6+ bxc6 12. O-O Qd5 13. Bg5 Qxb3 14.
axb3 Bg7 15. Rfc1 f6 16. Bf4 g5 17. Bg3 g4 18. Ne1 Bb7 19. Nd3 Bf8 20. b4 a6
21. Rc4 Kf7 22. Ra3 Be7 23. Nc5 Bc8 24. f3 Rg8 25. Kf2 Ra7 26. Ne4 Rd7 27. Re3
gxf3 28. gxf3 Bb7 29. Nc5 Bxc5 30. bxc5 Kg6 1-0

[Event "Quebec op inv."]
[Site "Montreal CAN"]
[Date "2013.07.25"]
[Round "6"]
[White "Kovalyov, Anton"]
[Black "Rozentalis, Eduardas"]
[Result "1/2-1/2"]
[WhiteElo "2606"]
[BlackElo "2619"]
[PlyCount "91"]
[EventDate "2013.07.21"]
[EventType "swiss"]
[EventRounds "9"]
[EventCountry "CAN"]

1. c4 Nf6 2. Nf3 e6 3. g3 b6 4. Bg2 Be7 5. O-O Bb7 6. Nc3 O-O 7. Re1 Ne4 8.
Nxe4 Bxe4 9. d3 Bb7 10. e4 c5 11. d4 cxd4 12. Nxd4 a6 13. Be3 Nc6 14. Ne2 Rc8
15. Rc1 b5 16. c5 d6 17. cxd6 Bxd6 18. f4 Bb4 19. Qxd8 Rfxd8 20. Red1 Rxd1+ 21.
Rxd1 Nb8 22. Nc1 Kf8 23. Nb3 Ke8 24. a3 Be7 25. Bd4 g6 26. Rd2 Nd7 27. e5 Bxg2
28. Kxg2 h5 29. Kf3 Rc4 30. Na5 Rc7 31. b4 Rc1 32. Bb2 Rc7 33. Bd4 Rc1 34. Nb3
Rc4 35. Rd3 Rc2 36. Nd2 Kd8 37. Ke2 Kc8 38. Kd1 Rc6 39. Nb3 Bd8 40. Be3 Rc4 41.
Nd2 Rc6 42. Ne4 Be7 43. Kd2 Kc7 44. Kd1 Kc8 45. Kd2 Kc7 46. Kd1 1/2-1/2